| 000 | 00642cab a2200217 4500 | ||
|---|---|---|---|
| 001 | WB3205-46 | ||
| 008 | 090401t1996 xxu||||| |||| 00| 0 eng d | ||
| 035 | _a(Sirsi) u14323 | ||
| 041 | _aeng | ||
| 245 | _aMaltese market booms | ||
| 260 | _c1996 | ||
| 350 | _a0 | ||
| 490 |
_aEuropean _v1-7 February 1996, 24(1) |
||
| 520 | _aDescribes the combination of factors that have kept the residential property market in Malta successful, in particular its popularity with foreigners. | ||
| 650 | _aFOREIGN INVESTMENT | ||
| 650 | _aMALTA | ||
| 650 | _aRESIDENTIAL MARKET | ||
| 690 | _aOVERSEAS-EUROPE | ||
| 942 | _n0 | ||
| 948 | _c04/03/1997 | ||
| 999 |
_c9315 _d9315 |
||